<?xml version="1.0" encoding="UTF-8"?>
<marc:record xmlns:marc="http://www.loc.gov/MARC21/slim">
   <marc:leader>00000nam a2200000 a 4500</marc:leader>
   <marc:datafield ind1="0" ind2="0" tag="245">
      <marc:subfield code="a">Nocturnal Animals</marc:subfield>
   </marc:datafield>
   <marc:datafield ind1=" " ind2="1" tag="264">
      <marc:subfield code="a">Hamburg</marc:subfield>
      <marc:subfield code="b">Universal Studios</marc:subfield>
      <marc:subfield code="c">2017</marc:subfield>
   </marc:datafield>
   <marc:datafield ind1="1" ind2=" " tag="490">
      <marc:subfield code="a">2</marc:subfield>
   </marc:datafield>
   <marc:datafield ind1="1" ind2=" " tag="520">
      <marc:subfield code="a">Die erfolgreiche Galeristin Susan  erhält unerwartetein Paket von ihrem Ex-Mann Edward, zu dem sie seit Jahren keinen Kontakt mehr hat. Darin befindet sich ein Roman mit dem Titel "Nocturnal Animals", der Susan gewidmet ist. Die junge Frau beginnt zu lesen und wird mit einer brutalen Schilderung von Gewalt und Mord konfrontiert. Gefesselt und zutiefst verstört von der Handlung gerät sie immer tiefer in den Sog des beklemmenden Romans. Je weiter die Erzählung auf eine blutige Abrechnung hinausläuft, desto mehr gerät ihr eigenes Leben außer Kontrolle. Realität und Fiktion beginnen zu verschwimmen und Susan ist gezwungen, sich einem dunklen Geheimnis aus ihrer Vergangenheit zu stellen...</marc:subfield>
   </marc:datafield>
   <marc:datafield ind1=" " ind2=" " tag="020">
      <marc:subfield code="a">5053083103569</marc:subfield>
      <marc:subfield code="9">5053083103569</marc:subfield>
   </marc:datafield>
   <marc:datafield ind1="0" ind2=" " tag="490">
      <marc:subfield code="v">0</marc:subfield>
   </marc:datafield>
   <marc:datafield ind1=" " ind2=" " tag="300">
      <marc:subfield code="a">111 Min.</marc:subfield>
   </marc:datafield>
</marc:record>
